<?xml version="1.0" encoding="UTF-8"?>
<record
    xmlns:xsi="http://www.w3.org/2001/XMLSchema-instance"
    xsi:schemaLocation="http://www.loc.gov/MARC21/slim http://www.loc.gov/standards/marcxml/schema/MARC21slim.xsd"
    xmlns="http://www.loc.gov/MARC21/slim">

  <leader>00724nam a22002537a 4500</leader>
  <controlfield tag="005">20170123162317.0</controlfield>
  <datafield tag="010" ind1=" " ind2=" ">
    <subfield code="a">971644</subfield>
  </datafield>
  <datafield tag="020" ind1=" " ind2=" ">
    <subfield code="c">25.00</subfield>
  </datafield>
  <datafield tag="035" ind1=" " ind2=" ">
    <subfield code="a">971644</subfield>
  </datafield>
  <datafield tag="037" ind1=" " ind2=" ">
    <subfield code="b">Cen Lib/Ret</subfield>
  </datafield>
  <datafield tag="040" ind1=" " ind2=" ">
    <subfield code="a">DPL</subfield>
    <subfield code="b">UR</subfield>
  </datafield>
  <datafield tag="082" ind1=" " ind2=" ">
    <subfield code="a">841</subfield>
    <subfield code="b">&#x62E; &#x627; &#x631; </subfield>
  </datafield>
  <datafield tag="100" ind1=" " ind2=" ">
    <subfield code="a">&#x62E;&#x627;&#x631; &#x62F;&#x6C1;&#x644;&#x648;&#x6CC;  </subfield>
    <subfield code="9">460</subfield>
  </datafield>
  <datafield tag="245" ind1=" " ind2=" ">
    <subfield code="a">&#x62E;&#x64E;&#x644;&#x650;&#x634; /</subfield>
    <subfield code="c">&#x62E;&#x627;&#x631; &#x62F;&#x6C1;&#x644;&#x648;&#x6CC;  </subfield>
  </datafield>
  <datafield tag="246" ind1=" " ind2=" ">
    <subfield code="a">Khalish /</subfield>
    <subfield code="b">by Khar Dehalvi</subfield>
  </datafield>
  <datafield tag="260" ind1=" " ind2=" ">
    <subfield code="b">&#x645;&#x642;&#x62A;&#x628;&#x6C1; &#x62C;&#x627;&#x645;&#x6C1; </subfield>
    <subfield code="c">1979</subfield>
    <subfield code="a">&#x627;&#x644;&#x6CC; &#x6AF;&#x691;&#x6BE; </subfield>
  </datafield>
  <datafield tag="270" ind1=" " ind2=" ">
    <subfield code="b">&#x627;&#x644;&#x6CC; &#x6AF;&#x691;&#x6BE; </subfield>
  </datafield>
  <datafield tag="300" ind1=" " ind2=" ">
    <subfield code="a">248p.</subfield>
    <subfield code="c">21cm(Hb)</subfield>
  </datafield>
  <datafield tag="650" ind1=" " ind2=" ">
    <subfield code="a"> &#x627;&#x62F;&#x628; - &#x627;&#x631;&#x62F;&#x648;</subfield>
    <subfield code="v"> </subfield>
    <subfield code="9">115083</subfield>
  </datafield>
  <datafield tag="650" ind1=" " ind2=" ">
    <subfield code="a">&#x627;&#x631;&#x62F;&#x648; &#x646;&#x638;&#x645;    </subfield>
    <subfield code="9">115084</subfield>
  </datafield>
  <datafield tag="650" ind1=" " ind2=" ">
    <subfield code="a">Literature -- Urdu </subfield>
    <subfield code="9">115085</subfield>
  </datafield>
  <datafield tag="650" ind1=" " ind2=" ">
    <subfield code="a">Urdu poetry</subfield>
    <subfield code="9">115086</subfield>
  </datafield>
  <datafield tag="942" ind1=" " ind2=" ">
    <subfield code="2">ddc</subfield>
    <subfield code="c">UR</subfield>
    <subfield code="h">841</subfield>
    <subfield code="m">&#x62E; &#x627; &#x631; </subfield>
  </datafield>
  <datafield tag="999" ind1=" " ind2=" ">
    <subfield code="c">106785</subfield>
    <subfield code="d">106785</subfield>
  </datafield>
  <datafield tag="952" ind1=" " ind2=" ">
    <subfield code="0">0</subfield>
    <subfield code="1">0</subfield>
    <subfield code="4">0</subfield>
    <subfield code="7">0</subfield>
    <subfield code="a">L</subfield>
    <subfield code="b">L</subfield>
    <subfield code="d">2015-12-29</subfield>
    <subfield code="e">Cen Lib/Ret</subfield>
    <subfield code="g">25.00</subfield>
    <subfield code="l">0</subfield>
    <subfield code="o">841 &#x62E; &#x627; &#x631;</subfield>
    <subfield code="p">971644</subfield>
    <subfield code="r">2015-12-29 00:00:00</subfield>
    <subfield code="t">1</subfield>
    <subfield code="v">25.00</subfield>
    <subfield code="w">2015-12-29</subfield>
    <subfield code="y">UR</subfield>
  </datafield>
</record>
